000 02258cam a22005054i 4500
003 PE-LiUPU
005 20250731173438.0
008 150616s r 000 0 d
035 _a(Sirsi) a561
040 _aPE-LiUPU
_bspa
_cPE-LiUPU
_erda
049 _aPRUA
082 0 4 _a289
_bG81
_221
245 0 0 _aLes religions étrusque et romeine: les religions des celtes, des germains et des anciens slaves.
264 1 _aParis :
_bPresses Universitaires de France,
_c1948.
300 _a462 páginas ;
_c18 cm
336 _atext
_2rdacontent
337 _aunmediated
_2rdamedia
338 _avolume
_2rdacarrier
490 0 _aIntroduction a L'histoire des religions ;
_v2
504 _aNota Bibliografica.
505 0 _aLa religion des étrusques et leur civilisation -- La révélation étrusque -- Les dieux de l'Étrurie -- Le monde infernal -- La vie religieuse -- La plus ancienne religion -- Le calendrier et les cultes anciens -- Les dieux nouveaux de la république -- Le culte, ses ministres et ses rites -- La restauration religieuse d'Auguste -- Les derniéres transformations -- Les dieux -- Le ciergé et le culte -- Période préhistorique -- Croyances et cultes dans la germanie ancienne -- Croyances et cultes dans la scandinavie ancienne -- Dieux russes -- Dieux des slaves de i'ouest -- Culte des morts et des ancetres.
526 _aSEG42
526 _aSEG41
526 _aSEG40
526 _aSEG39
526 _aP94
526 _aP87
526 _aP86
526 _aP85
526 _aP77
526 _aP76
526 _aP35
650 0 4 _aReligión.
_95128
700 1 _aGrenier, Albert,
_eeditor.
700 1 _aVendryés, Joseph,
_eeditor.
700 1 _aTonnelat, Ernest,
_eeditor.
700 1 _aUnbegaun, B.-O.,
_eeditor.
910 _ajck
_bjvq
_cjck
942 _2ddc
_cBOOK
949 _a289 G81
_wDEWEY
_c1
_i12925
_lCCODEBUL1
_mBUL
_p00.00
_r0
_sY
_tBOOK
_u2015-04-23
_xTEOLOGIA
_zUNKNOWN
_0COMPRA
_o.STAFF. Colección General
994 _aC0
_bPEPRU
596 _a1
999 _a289 G81
_wDEWEY
_c56657
_i12925
_f2021-11-12
_g5
_lCCODEBUL1
_mBUL
_r0
_sY
_tBOOK
_u2015-4-23
_xTEOLOGIA
_zUNKNOWN
_0COMPRA
_o.STAFF. Colección General
_d56657
980 _81
_gALBERTO SANCHEZ Responsable de Automatización